书目信息 |
| 题名: |
制冷与低温原理
|
|
| 作者: | 陈光明 , 陈国邦, 主编 | |
| 分册: | ||
| 出版信息: | 北京 机械工业出版社 2010.03 |
|
| 页数: | x, 274页 | |
| 开本: | 26cm | |
| 丛书名: | 普通高等教育“十一五”国家级规划教材 | |
| 单 册: | ||
| 中图分类: | TB66 | |
| 科图分类: | ||
| 主题词: | 制冷--zhi leng--高等学校--教材 , 低温技术--di wen ji shu--高等学校--教材 | |
| 电子资源: | ||
| ISBN: | 978-7-111-28964-7 | |
| 000 | 01157nam 2200301 450 | |
| 001 | CAL 012010053394 | |
| 005 | 20201020101918.54 | |
| 010 | @a978-7-111-28964-7@dCNY32.00 | |
| 099 | @aCAL 012010053394 | |
| 100 | @a20110901d2010 em y0chiy0121 ea | |
| 101 | 0 | @achi |
| 102 | @aCN@b110000 | |
| 105 | @aak a 000yy | |
| 200 | 1 | @a制冷与低温原理@Azhi leng yu di wen yuan li@f主编陈光明, 陈国邦 |
| 205 | @a第2版 | |
| 210 | @a北京@c机械工业出版社@d2010.03 | |
| 215 | @ax, 274页@c图@d26cm | |
| 225 | 2 | @a普通高等教育“十一五”国家级规划教材@Apu tong gao deng jiao yu“ shi yi wu” guo jia ji gui hua jiao cai |
| 320 | @a有书目 | |
| 330 | @a本书分六章,介绍从室温至接近OK广宽温区内的各种常用制冷与低温的实现方法、基本原理及其应用,重点介绍制冷与低温工质性质、蒸气压缩制冷、吸收制冷、低温制冷、气体液化与分离等。 | |
| 410 | 0 | @12001 @a普通高等教育“十一五”国家级规划教材 |
| 606 | 0 | @a制冷@Azhi leng@x高等学校@x教材 |
| 606 | 0 | @a低温技术@Adi wen ji shu@x高等学校@x教材 |
| 690 | @aTB66@v5 | |
| 701 | 0 | @a陈光明@AChen Guangming@c(制冷)@4主编 |
| 701 | 0 | @a陈国邦,@AChen Guobang@f1941-@4主编 |
| 801 | 0 | @aCN@c20110901 |
| 905 | @dTB66@eC424=2@f3 | |
| 制冷与低温原理/主编陈光明, 陈国邦.-第2版.-北京:机械工业出版社,2010.03 |
| x, 274页:图;26cm.-(普通高等教育“十一五”国家级规划教材) |
| ISBN 978-7-111-28964-7:CNY32.00 |
| 本书分六章,介绍从室温至接近OK广宽温区内的各种常用制冷与低温的实现方法、基本原理及其应用,重点介绍制冷与低温工质性质、蒸气压缩制冷、吸收制冷、低温制冷、气体液化与分离等。 |
| ● |
| 相关链接 |
|
|
|
正题名:制冷与低温原理
索取号:TB66/C424=2
 
预约/预借
| 序号 | 登录号 | 条形码 | 馆藏地/架位号 | 状态 | 备注 |
| 1 | 0229341 | 202293419 | 自科库501/501自科库 18排4列4层/ [索取号:TB66/C424=2] | 在馆 | |
| 2 | 1044416 | 210444161 | 自科库501/501自科库 18排4列4层/ [索取号:TB66/C424-2=2] | 在馆 | |
| 3 | 1044417 | 210444170 | 期刊室512/501自科库 18排4列4层/ [索取号:TB66/C424-2=2] | 在馆 | |
| 4 | 1044418 | 210444189 | 自科库501/ [索取号:TB66/C424-2=2] | 在馆 | |
| 5 | 1282395 | 212823952 | 期刊室512/501自科库 18排4列4层/ [索取号:TB66/C424=2] | 在馆 | |
| 6 | 486239 | 204862390 | 能源与建筑环境工程学院资料室/ [索取号:TB66/C424-2=2] | 在馆 | |
| 7 | 488424 | 204884241 | 能源与建筑环境工程学院资料室/504自科库 17排1列4层/ [索取号:TB66/C424=2] | 在馆 | |
| 8 | 492498 | 204924984 | 能源与建筑环境工程学院资料室/201建筑库 14排1列2层/ [索取号:TB66/C424=2] | 在馆 | |
| 9 | 496760 | 204967606 | 期刊室512/501自科库 18排4列4层/ [索取号:TB66/C424=2] | 在馆 |